Procedures and Theories of Community Health Nursing (Record no. 156958)

MARC details
000 -LEADER
fixed length control field 00413nam a2200145Ia 4500
008 - FIXED-LENGTH DATA ELEMENTS--GENERAL INFORMATION
fixed length control field 230411s9999 xx 000 0 und d
020 ## - INTERNATIONAL STANDARD BOOK NUMBER
International Standard Book Number 978-93-80704-39-5
041 ## - LANGUAGE CODE
Language code of text/sound track or separate title eng
082 ## - DEWEY DECIMAL CLASSIFICATION NUMBER
Classification number CH/610.7343/THR/B06591
100 ## - MAIN ENTRY--PERSONAL NAME
Personal name Thressiamma PM
9 (RLIN) 179190
245 ## - TITLE STATEMENT
Title Procedures and Theories of Community Health Nursing
260 ## - PUBLICATION, DISTRIBUTION, ETC. (IMPRINT)
Name of publisher, distributor, etc. Jaypee Brothers
Place of publication, distribution, etc. New Delhi
Date of publication, distribution, etc. 2010
300 ## - PHYSICAL DESCRIPTION
Extent 282p
Holdings
Withdrawn status Lost status Damaged status Not for loan Collection code Home library Current library Date acquired Vendor Cost, normal purchase price Bill number Total Checkouts Full call number Barcode Date last seen Cost, replacement price Bill Date Koha item type Original Barcode Date last checked out
          Smt. Bakul Tambat Institute of Nursing Education Smt. Bakul Tambat Institute of Nursing Education 25/02/2011 Jaypee Brothers Medical Publishers 250.00 3107   CH 610.7343 THR B06591 BTIN-BK-6591 11/04/2023 182.00 26/09/2011 Books B06591  
          Smt. Bakul Tambat Institute of Nursing Education Smt. Bakul Tambat Institute of Nursing Education 26/09/2011 Jaypee Brothers Medical Publishers 275.00 3107 2 CH 610.7343 THR B06866 BTIN-BK-6866 02/04/2024 201.00 26/09/2011 Books B06866 22/03/2024
          Smt. Bakul Tambat Institute of Nursing Education Smt. Bakul Tambat Institute of Nursing Education 26/09/2011 Jaypee Brothers Medical Publishers 275.00 3107 1 CH 610.7343 THR B06867 BTIN-BK-6867 31/10/2023 201.00 26/09/2011 Books B06867 26/10/2023